000 01128nmm a2200385 a 4500
003 AR-BaBNM
005 20251128205933.0
008 148019s1995 ||||||||||||||000 | spa||
040 _cAR-BaBNM
110 1 _aArgentina
_bEmbajada [Brasil]
245 1 0 _aArgentina-Brasil
_bcomercio, inversiones e integración física : hacia una nueva relación en la construcción de un espacio competitivo común
250 _a3ª ed.
260 _aBrasilia
_bEmbajada Argentina en Brasil
_c1995
300 _a198 p.
_bgráfs., il., mapas
650 4 _aINTEGRACION ECONOMICA
650 4 _aECONOMIA
650 4 _aPOLITICA ECONOMICA
650 4 _aPRODUCTIVIDAD
650 4 _aPLANIFICACION ECONOMICA
650 4 _aDESARROLLO ECONOMICO Y SOCIAL
650 4 _aAGRICULTURA
650 4 _aCOMERCIO
650 4 _aINDUSTRIA
650 4 _aCAMPO
650 4 _aECONOMIA REGIONAL
650 4 _aMACROECONOMIA
650 4 _aTEORIA ECONOMICA
651 4 _aBrasil
651 4 _aArgentina
651 4 _aAmérica Latina
653 _aMERCOSUR
700 1 _aGuadagni, Alieto Aldo
_eprologuista
942 _cBK
998 _cMARTIN
999 _c13379
_d13379